| 000 | 00743nam a2200229 a 4500 | ||
|---|---|---|---|
| 005 | 20220524095038.0 | ||
| 008 | 070918s1990 es r 000 0 spa d | ||
| 020 | _a8401496535 | ||
| 035 | _aUPN01000151965 | ||
| 049 | _aCG | ||
| 050 | 4 |
_aPS3551 S5 _bS4 1990 |
|
| 100 | 1 |
_aAsimov, Isaac, _d1920-1992 _928540 |
|
| 245 | 1 | 0 |
_aSegunda fundación / _cIsaac Asimov ; tr. Pilar Giralt. |
| 250 | _a2a ed. | ||
| 260 |
_aBarcelona, Esp. : _bPlaza & Janés, _c1990. |
||
| 300 | _a250 p. | ||
| 440 | 4 |
_aLos JET de Plaza & Janés ; _v136-3. _pBiblioteca de Isaac Asimov |
|
| 534 |
_pTítulo original: _tSecond foundation |
||
| 650 | 4 |
_aVIDA EN OTROS PLANETAS - _vNOVELA _98206 |
|
| 650 | 2 |
_aLiteratura estadounidense _ySiglo XX _95165 |
|
| 905 | _aLibro | ||
| 999 |
_c124100 _d124100 |
||